Taking Bail Seriously: (Record no. 186308)

MARC details
000 -LEADER
fixed length control field 00626nam a22001817a 4500
005 - DATE AND TIME OF LATEST TRANSACTION
control field 20220222142700.0
010 ## - LCCN (DPL NO)
LC control number ENG-131741
020 ## - INTERNATIONAL STANDARD BOOK NUMBER
International Standard Book Number 9789388548809
Terms of availability 900.00
035 ## - SYSTEM CONTROL NUMBER
System control number EN-115273
037 ## - SOURCE OF ACQUISITION
Source of stock number/acquisition DBAD
082 ## - DEWEY DECIMAL CLASSIFICATION NUMBER
Classification number 345.54056
245 ## - TITLE STATEMENT
Title Taking Bail Seriously:
Remainder of title The State of Bail Jurisprudence in India/
Statement of responsibility, etc Salman Khurshid et.al.
260 ## - PUBLICATION, DISTRIBUTION, ETC. (IMPRINT)
Place of publication, distribution, etc Gurgaon
Name of publisher, distributor, etc LexisNexis
Date of publication, distribution, etc 2020
270 ## - ADDRESS
Address 14th Floor, Building No. 10, Tower-B, DLF Cyber City, Phase-II
City Gurgaon
Postal code 122002
Electronic mail address help.in@lexisnexis.com
300 ## - PHYSICAL DESCRIPTION
Extent 467p.
Dimensions 25cm(hbk)
700 ## - ADDED ENTRY--PERSONAL NAME
Personal name Khurshid, Salman et.al.
942 ## - ADDED ENTRY ELEMENTS (KOHA)
Source of classification or shelving scheme Dewey Decimal Classification
Item type English Books
Classification part 345.54056
Call number suffix KHU
Holdings
Withdrawn status Lost status Not for loan Collection code Home library Current library Date acquired Source of acquisition Cost, normal purchase price Full call number Barcode Copy number Cost, replacement price Koha item type
      Non-fiction Bawana Bawana 22/02/2022 DBAD/PUB 900.00 345.54056 KHU EN-115273 1 900.00 English Books

© Delhi Public Library
Hit Counter
free hit counter